Teams that have won the Serie A - Statistics

General Stats
  • This quiz has been taken 26 times
  • The average score is 6 of 15
Answers on the Grid
Answers color-coded by a green-red scale on the quiz's grid according to % correct below.
AS Roma
Pro Vercelli
Genoa
Venezia
Hellas Verona
AC Fiorentina
Cagliari
Atalanta
Sassuolo
Torino
Inter Milan
AC Milan
Bologna
Sampierdarenese
Cavese
SPAL
Udinese
Chievo Verona
SS Lazio
Novara
Frosinone
Salernitana
Sampdoria
Lecce
Bari
Palermo
Juventus
Messina
Reggina
Cosenza
 
Answer Stats
Answer % Correct
AC Milan
75%
AS Roma
75%
Inter Milan
75%
Juventus
75%
SS Lazio
75%
Torino
50%
AC Fiorentina
25%
Bologna
25%
Cagliari
25%
Genoa
25%
Hellas Verona
25%
Pro Vercelli
25%
Cavese
0%
Sampdoria
0%
Sampierdarenese
0%
No matching quizzes found
Score Distribution
Percent of People with Each Score
Percentile by Number Answered
Your Score History
You have not taken this quiz